000 00823nam a2200205Ia 4500
003 OSt
005 20241119095757.0
007 ca aa aaaaa
008 201103s9999 xx 000 0 und d
040 _cSSBUL
041 _abur
082 _a၂၉၄.၃၅၆၇၇ အ ၉၂၆၂ S-SAT
_223
100 _a အရှေ့ပရက္ကမဆရာတော်
_917348
245 0 _aမေတ္တပါရဂူကျမ်း /
_cအရှေ့ပရက္ကမဆရာတော်။
260 _aမန္ထလေးမြို. ၊
_bဓါတ်နန်းရပ် ၊
_c၁၉၇၀။
300 _aဌ၊ ၉၆ စာမျက်နှာ ၊
_c၁၇ စင်တီ။
505 _aS-SAT: Dr Sai Aung Tun Collection
650 _aဘာသာရေးစာပေ
_955313
942 _2ddc
_cBK1
999 _c16739
_d16739